| 000 | 00473nam a2200205Ia 4500 | ||
|---|---|---|---|
| 003 | OSt | ||
| 005 | 20220331110541.0 | ||
| 008 | 210210b1997 xxu||||| |||| 00| 0 eng d | ||
| 040 |
_aAL _c |
||
| 041 | _aEnglish | ||
| 082 | _a657.45 RAMA | ||
| 100 |
_aRAMAN (B S) _926857 |
||
| 245 | _aAuditing. | ||
| 260 |
_aMangalore. _bUnited Publishers, _c1997 |
||
| 300 | _a682 | ||
| 650 |
_aAuditing _926858 |
||
| 690 |
_aAuditing _926858 |
||
| 906 | _a052976 | ||
| 942 |
_2ddc _cBK |
||
| 999 |
_c100803 _d100803 |
||